| 000 | 00615nam a2200217Ia 4500 | ||
|---|---|---|---|
| 005 | 20250508163612.0 | ||
| 008 | 008 250505s9999 xx 000 0 hin d | ||
| 020 | _a81-85070-14-8 | ||
| 037 | _aTextBook | ||
| 040 |
_aFEDL _beng _cFEDL |
||
| 041 |
_ahin _2hin |
||
| 084 |
_a150.954, SIN _qFEDL |
||
| 100 |
_aSinha Durga Nand _9131126 |
||
| 245 | 0 | _aVikas shil desh me manovigyan : Bhartiya anubhav | |
| 260 |
_aAgra, India _bY. K. Publishers _c1989 |
||
| 300 | _a176p | ||
| 365 |
_aINR _b985 |
||
| 650 |
_aIndian Psychology _9460819 |
||
| 942 |
_cTB _h150.954, SIN |
||
| 999 |
_c1384301 _d1384301 |
||